000 00578nam a2200193Ia 4500
008 151121s9999||||xx |||||||||||||| ||und||
082 _a910/प्रभु
082 _bHNW-65783
100 _aप्रभु मीना
245 _aमाझं लंडन
260 _b"मेहता पब्लि। हाऊस, पुणे।"
260 _c--
300 _a407
600 _aप्रभु मीना
630 _aमाझं लंडन
700 _aप्रभु मीना
730 _aमाझं लंडन
942 _cBOOK
999 _c1247287
_d1247284